|
|
|
|
| LEADER |
00000nbm0a2200000 4500 |
| 001 |
185495 |
| 005 |
20231031172959.0 |
| 035 |
|
|
|a (RuTPU)RU\TPU\book\201205
|
| 090 |
|
|
|a 185495
|
| 100 |
|
|
|a 20101011d1966 k y0rusy50 ca
|
| 101 |
0 |
|
|a rus
|
| 102 |
|
|
|a RU
|
| 105 |
|
|
|a a p 000zy
|
| 200 |
1 |
|
|a Статьи и разная переписка ректора института в 1958, 1954,1962, 1963, 1964 гг.
|f Томский политехнический институт (ТПИ) ; А. А. Воробьев
|
| 210 |
|
|
|a Томск
|d 1966
|
| 215 |
|
|
|a Страницы не пронумерованы.
|
| 610 |
1 |
|
|a переписка
|
| 610 |
1 |
|
|a статьи
|
| 610 |
1 |
|
|a рецензии
|
| 610 |
1 |
|
|a бетатроны
|
| 610 |
1 |
|
|a электроламповые заводы
|
| 610 |
1 |
|
|a дымовые газы
|
| 610 |
1 |
|
|a ограждение
|
| 675 |
|
|
|a 6.022
|v 3
|
| 702 |
|
1 |
|a Воробьев
|b А. А.
|c российский физик
|c ректор Томского политехнического института, профессор
|f 1909-1981
|g Александр Акимович
|2 stltpush
|3 (RuTPU)RU\TPU\pers\12805
|4 660
|
| 712 |
0 |
2 |
|a Томский политехнический институт (ТПИ)
|c (1944-1991)
|2 stltpush
|3 (RuTPU)RU\TPU\col\1123
|
| 801 |
|
1 |
|a RU
|b 63413507
|c 20101011
|
| 942 |
|
|
|c BK
|